000
00272 a2200121 4500
001
64105
082
_a
623.4519 HEM
090
_c
37879
_d
37879
100
_a
Hemsch Michael J
245
_a
Tactical Missile Aerodynamics
260
_a
NY
_b
AIAA
_c
1986
300
_a
858
942
_a
NUST-CAE
_k
623.4519 HEM
999
_c
299178
_d
299178